000
00425nam a22001337a 4500
003
SGT
020
_a
9789350872444
082
_a
891.4309
_b
Y15K
100
_a
कुमार, कौशल
245
_a
योग साधना : चिकित्सीय एवं आध्यात्मिक पक्ष
260
_b
योग इंडिया प्रकाशन
_c
2015
300
_a
288
942
_2
ddc
_c
BK
999
_c
29667
_d
29667